000 00458nam a2200205Ia 4500
999 _c99483
_d99483
003 0100
005 20170526080115.0
008 130307s9999 xx 000 0 und d
040 _cARRUPELIB
050 _aDT434.E22H5 1965
100 _aHillaby, John
_931074
245 _aJourney to the Jade sea
260 _bPaladin
_aLondon
_c1965
300 _a208p.
300 _b22 cm.
650 _aHISTORY
_98438
650 _bKenya
_xDescription and travel
_930611
942 _2lcc
_cMONOGRAPH